000 01634nam a22002297a 4500
001 6783
003 FISKH
005 20250930080944.0
008 250528b cb ||||| |||| 00| 0 eng d
020 _a9780794832162
040 _aFISKH
_beng
_cFISKH
_dFISKH
050 _aBT301 .G67
082 _a232.901
100 _aWhitman Publishing
245 _aThe Gospels :
_bA Vault on the Life of Jesus Christ /
_cBy Whitman Publishing
260 _aVirginia :
_bWhitman Publishing ,
_c2010.
300 _a144 unnumbered pages :
_bcolor illustrations ;
_c27 cm .
520 _aThe Gospel Vault: The Life of Jesus Christ features the story of His extraordinary ministry not only through the holy scriptures of Matthew, Mark, Luke and John, but through centuries of artistic depictions of the Savior's life. Selected events of Christ's childhood, ministry, death and resurrection are lavishly illustrated with a rich pallet of artistic media that spans over 2,000 years. Paintings, sculptures, drawings, etchings, textiles, carvings and mosaics from the ancient to the modern are woven together to create a breathtaking overview of His life. Many of the artworks found in this book are famous, but there are also numerous and fascinating pieces of art from some of the world's lesser-known collections. The text, presented alongside actual scripture, provides an easy-to-understand framework for a deeper insight into the events depicted on the pages, the artists represented and the historical backdrop against which the art was created.
650 _aNew Testament Gospels
_vNon-fiction
942 _2ddc
_cBK
_n0
999 _c6783
_d6783